[Event "Montigny le Bretonneux op 21st"]
[Site "Montigny le Bretonneux"]
[Date "2023.10.26"]
[Round "6"]
[White "Plantet, Marc"]
[Black "Moulun, Raphael"]
[Result "1-0"]
[WhiteElo "1697"]
[BlackElo "1241"]
[PlyCount "49"]
[EventDate "2023.10.21"]
[EventType "swiss"]
[EventRounds "7"]
[EventCountry "FRA"]
[SourceTitle "Mega2024 Update 01"]
[Source "Chessbase"]
[SourceDate "2023.11.12"]
[SourceVersion "1"]
[SourceVersionDate "2023.11.12"]
[SourceQuality "1"]

1. e4 e5 2. Nf3 Nf6 3. Nxe5 d6 4. Nxf7 Kxf7 5. d4 c6 6. Nc3 Be6 7. Bd3 Nbd7 8. 0-0 Qc7 9. f4 Bg4 10. Qe1 Re8 11. Qh4 Kg8 12. e5 h5 13. h3 Be7 14. Qg3 h4 15. Qf2 dxe5 16. fxe5 Bh5 17. Qf5 g6 18. Qe6+ Kg7 19. Bg5 Rhf8 20. exf6+ Nxf6 21. Bf4 Qd8 22. Be5 g5 23. Qf5 Kh6 24. Bxf6 Rf7 25. Qxg5# 1-0

[Event "Montigny le Bretonneux op 25th"]
[Site "Montigny le Bretonneux"]
[Date "2023.05.18"]
[Round "3"]
[White "Plantet, Marc"]
[Black "Goujon, Antoine"]
[Result "1/2-1/2"]
[WhiteElo "1821"]
[BlackElo "1638"]
[PlyCount "52"]
[EventDate "2023.05.18"]
[EventType "swiss"]
[EventRounds "9"]
[EventCountry "FRA"]
[SourceTitle "CBM 214 Extra"]
[Source "ChessBase"]
[SourceDate "2023.07.31"]
[SourceVersion "1"]
[SourceVersionDate "2023.07.31"]
[SourceQuality "1"]

1. e4 c5 2. c3 g6 3. Nf3 Bg7 4. Be2 d6 5. 0-0 Nf6 6. d3 0-0 7. h3 Nc6 8. Be3 e5 9. a4 Be6 10. Qd2 a6 11. Na3 Rb8 12. Nc2 b5 13. axb5 axb5 14. Ra6 Qc8 15. Rfa1 Rd8 16. Bh6 b4 17. Bxg7 Kxg7 18. Ne3 bxc3 19. bxc3 h6 20. Qc1 Rd7 21. d4 cxd4 22. cxd4 Nxd4 23. Nxd4 Qxc1+ 24. Rxc1 exd4 25. Nc2 Nxe4 26. Nxd4 Nc5 1/2-1/2

[Event "Montigny le Bretonneux op 20th"]
[Site "Montigny le Bretonneux"]
[Date "2022.10.25"]
[Round "4"]
[White "Alata, Aurelien"]
[Black "Plantet, Marc"]
[Result "0-1"]
[WhiteElo "1306"]
[BlackElo "1739"]
[PlyCount "78"]
[EventDate "2022.10.22"]
[EventType "swiss"]
[EventRounds "9"]
[EventCountry "FRA"]
[SourceTitle "EXT 2024"]
[Source "ChessBase"]
[SourceDate "2023.10.10"]
[SourceVersion "1"]
[SourceVersionDate "2023.10.10"]
[SourceQuality "1"]

1. d4 d5 2. c4 e6 3. Nf3 Nf6 4. g3 a6 5. Bg2 c5 6. cxd5 exd5 7. 0-0 Nc6 8. b3 Bf5 9. Bb2 Qb6 10. dxc5 Bxc5 11. Bxf6 gxf6 12. Nc3 d4 13. Na4 Qa7 14. Nxc5 Qxc5 15. Rc1 Qd6 16. Qd2 Rd8 17. Rfd1 0-0 18. h3 Rd7 19. g4 Be4 20. Nh2 Bxg2 21. Kxg2 Nb4 22. Rc4 Nc6 23. f4 h5 24. Rcc1 Re8 25. Rf1 Rde7 26. Rf2 Re3 27. Nf3 R8e4 28. Ne1 Rxf4 29. Rxf4 Qxf4 30. Nf3 Qe4 31. Kf2 Ne5 32. Nxd4 Qf4+ 33. Ke1 Nd3+ 34. Kd1 Qxd4 35. Rc8+ Kg7 36. Kc2 Nb4+ 37. Kd1 Qxd2+ 38. Kxd2 Rxh3 39. Rc5 Nxa2 0-1

[Event "Montigny le Bretonneux op 20th"]
[Site "Montigny le Bretonneux"]
[Date "2022.10.24"]
[Round "3"]
[White "Montay, Jean Paul"]
[Black "Plantet, Marc"]
[Result "0-1"]
[WhiteElo "1229"]
[BlackElo "1739"]
[PlyCount "64"]
[EventDate "2022.10.22"]
[EventType "swiss"]
[EventRounds "9"]
[EventCountry "FRA"]
[SourceTitle "EXT 2024"]
[Source "ChessBase"]
[SourceDate "2023.10.10"]
[SourceVersion "1"]
[SourceVersionDate "2023.10.10"]
[SourceQuality "1"]

1. e4 c5 2. Nf3 Nc6 3. d4 cxd4 4. Nxd4 g6 5. Bc4 Bg7 6. Be3 Nf6 7. Nc3 Qa5 8. 0-0 0-0 9. Qe2 Nxe4 10. Nxc6 bxc6 11. Nd1 d5 12. Bb3 Rb8 13. f3 Nd6 14. Qe1 Qxe1 15. Rxe1 d4 16. Bd2 e5 17. Rb1 c5 18. Bd5 c4 19. Bg5 Bf5 20. Be4 Nxe4 21. fxe4 Be6 22. c3 f5 23. Nf2 d3 24. Bd2 Rfd8 25. Kh1 a5 26. a3 a4 27. g3 Rb5 28. Kg2 Rdb8 29. Nd1 fxe4 30. Rxe4 Bd5 31. Kf3 Rf8+ 32. Ke3 Bh6+ 0-1

[Event "Montigny le Bretonneux Autumn 18th"]
[Site "Montigny le Bretonneux"]
[Date "2019.10.24"]
[Round "6"]
[White "Plantet, Marc"]
[Black "Verat Fayolle, Celian"]
[Result "1-0"]
[WhiteElo "1731"]
[BlackElo "1843"]
[PlyCount "89"]
[EventDate "2019.10.19"]
[EventType "tourn"]
[EventRounds "9"]
[EventCountry "FRA"]
[SourceTitle "CBM 192 Extra"]
[Source "Chessbase"]
[SourceDate "2019.11.06"]
[SourceVersion "1"]
[SourceVersionDate "2019.11.06"]
[SourceQuality "1"]

1. e4 e5 2. Nf3 Nc6 3. Bc4 Nf6 4. d3 Be7 5. 0-0 0-0 6. c3 d5 7. exd5 Nxd5 8. b4 Bg4 9. Re1 Kh8 10. b5 Na5 11. Rxe5 Nxc4 12. dxc4 Nb6 13. Qxd8 Raxd8 14. Rxe7 Rd1+ 15. Re1 Bxf3 16. Rxd1 Bxd1 17. Bf4 Re8 18. Nd2 Re1+ 19. Nf1 Nxc4 20. f3 Nd6 21. Bg3 Rxf1+ 22. Kxf1 Ba4 23. Bxd6 Bxb5+ 24. Kf2 cxd6 25. Rd1 Kg8 26. Rxd6 Kf8 27. Ke3 Ke7 28. Rd4 Bc6 29. a4 h5 30. a5 g5 31. g4 hxg4 32. fxg4 f5 33. gxf5 Kf6 34. a6 Kxf5 35. axb7 Bxb7 36. Rd7 Bc6 37. Rxa7 Kg4 38. Rg7 Kh4 39. c4 g4 40. Kf4 Kh3 41. Rh7+ Kg2 42. Kxg4 Bf3+ 43. Kf4 Be2 44. c5 Bd3 45. Rh6 1-0

[Event "Montigny le Bretonneux Autumn 18th"]
[Site "Montigny le Bretonneux"]
[Date "2019.10.19"]
[Round "1"]
[White "Boulemnakher, Karim"]
[Black "Plantet, Marc"]
[Result "1-0"]
[WhiteElo "1845"]
[BlackElo "1731"]
[PlyCount "67"]
[EventDate "2019.10.19"]
[EventType "tourn"]
[EventRounds "9"]
[EventCountry "FRA"]
[SourceTitle "CBM 192 Extra"]
[Source "Chessbase"]
[SourceDate "2019.11.06"]
[SourceVersion "1"]
[SourceVersionDate "2019.11.06"]
[SourceQuality "1"]

1. e4 c6 2. d4 d5 3. Nc3 dxe4 4. Nxe4 Bf5 5. Ng3 Bg6 6. Nh3 e6 7. Bc4 Bd6 8. 0-0 Nf6 9. f4 Qc7 10. Bb3 0-0 11. c4 c5 12. Be3 Rd8 13. Qf3 cxd4 14. Bxd4 Bc5 15. Bxc5 Qxc5+ 16. Kh1 Nc6 17. Rad1 Na5 18. Qc3 Ng4 19. Rfe1 Nc6 20. Bc2 Qb4 21. Bxg6 hxg6 22. Qf3 Nf6 23. b3 Rd4 24. Ng5 Rad8 25. N3e4 Qa5 26. Ra1 Nb4 27. Qh3 Nxe4 28. Qh7+ Kf8 29. Rxe4 Rd1+ 30. Re1 Rxa1 31. Rxa1 Nc2 32. Rg1 Qc3 33. Qh4 Rd2 34. Ne4 1-0

[Event "Montigny le Bretonneux Noel op 19th"]
[Site "Montigny le Bretonneux"]
[Date "2018.12.29"]
[Round "6"]
[White "Fruchard, Alois"]
[Black "Plantet, Marc"]
[Result "0-1"]
[WhiteElo "1411"]
[BlackElo "1745"]
[PlyCount "72"]
[EventDate "2018.12.26"]
[EventType "swiss"]
[EventRounds "7"]
[EventCountry "FRA"]
[SourceTitle "CBM 188 Extra"]
[Source "ChessBase"]
[SourceDate "2019.02.26"]
[SourceVersion "1"]
[SourceVersionDate "2019.02.26"]
[SourceQuality "1"]

1. d4 Nf6 2. c4 e6 3. Nc3 d5 4. e3 Bb4 5. Bd3 0-0 6. Nge2 Nbd7 7. 0-0 Re8 8. a3 Bd6 9. Ng3 dxc4 10. Bxc4 e5 11. Qb3 Re7 12. Nf5 e4 13. Nxe7+ Qxe7 14. h3 Nh5 15. Nb5 Nf8 16. Nxd6 cxd6 17. Qd1 Qg5 18. Kh2 Ng6 19. Rg1 Nf6 20. Bd2 Ng4+ 21. Qxg4 Bxg4 22. f3 d5 23. Bb3 Be6 24. Raf1 h5 25. fxe4 dxe4 26. Bc2 f5 27. Rf2 Rc8 28. Ba4 h4 29. g3 Qh6 30. Rfg2 hxg3+ 31. Rxg3 Nh4 32. Bd1 Bd5 33. Be1 Nf3+ 34. Bxf3 exf3 35. Rxg7+ Kh8 36. Re7 Rc2+ 0-1

[Event "Montigny le Bretonneux Noel op 19th"]
[Site "Montigny le Bretonneux"]
[Date "2018.12.27"]
[Round "2"]
[White "Couradin, Jean Marie"]
[Black "Plantet, Marc"]
[Result "0-1"]
[WhiteElo "1563"]
[BlackElo "1745"]
[PlyCount "54"]
[EventDate "2018.12.26"]
[EventType "swiss"]
[EventRounds "7"]
[EventCountry "FRA"]
[SourceTitle "CBM 188 Extra"]
[Source "ChessBase"]
[SourceDate "2019.02.26"]
[SourceVersion "1"]
[SourceVersionDate "2019.02.26"]
[SourceQuality "1"]

1. d4 Nf6 2. c4 e6 3. Nf3 d5 4. Bf4 c5 5. e3 Bd6 6. Bg3 0-0 7. Nc3 cxd4 8. exd4 Bb4 9. Bd3 dxc4 10. Bxc4 Nd5 11. Qc2 Qa5 12. Rc1 Bd7 13. 0-0 Rc8 14. Bxd5 exd5 15. Rfe1 Nc6 16. Re3 Bg4 17. Qd3 Ne7 18. Rce1 Nf5 19. Re5 Bxc3 20. bxc3 Nd6 21. R1e3 Ne4 22. Qb1 Rxc3 23. Qxb7 Rac8 24. Rxc3 Qxc3 25. Qb3 Qa5 26. Bf4 Bxf3 27. Qb7 Qe1# 0-1

[Event "Montigny le Bretonneux 17th"]
[Site "Montigny le Bretonneux"]
[Date "2018.10.28"]
[Round "9"]
[White "Plantet, Marc"]
[Black "Delin, Valere"]
[Result "0-1"]
[WhiteElo "1737"]
[BlackElo "1882"]
[PlyCount "48"]
[EventDate "2018.10.20"]
[EventType "tourn"]
[EventRounds "9"]
[EventCountry "FRA"]
[SourceTitle "CBM 187 Extra"]
[Source "ChessBase"]
[SourceDate "2018.11.04"]
[SourceVersion "1"]
[SourceVersionDate "2018.11.04"]
[SourceQuality "1"]

1. e4 c5 2. Nf3 d6 3. d4 cxd4 4. Nxd4 Nf6 5. Nc3 Nc6 6. Be3 e5 7. Nf3 Be6 8. Bd3 Be7 9. 0-0 0-0 10. Qe2 a6 11. Rad1 Nb4 12. a3 Nxd3 13. cxd3 Rc8 14. Rd2 Ng4 15. Nd5 Bxd5 16. exd5 f5 17. h3 Nf6 18. d4 e4 19. Ng5 Qd7 20. Ne6 Rfe8 21. Nf4 g5 22. Nh5 f4 23. Bxf4 gxf4 24. Nxf4 Qf5 0-1

[Event "Montigny le Bretonneux 17th"]
[Site "Montigny le Bretonneux"]
[Date "2018.10.22"]
[Round "3"]
[White "Plantet, Marc"]
[Black "Appavou, Calixte"]
[Result "1-0"]
[WhiteElo "1737"]
[BlackElo "1761"]
[PlyCount "57"]
[EventDate "2018.10.20"]
[EventType "tourn"]
[EventRounds "9"]
[EventCountry "FRA"]
[SourceTitle "CBM 187 Extra"]
[Source "ChessBase"]
[SourceDate "2018.11.04"]
[SourceVersion "1"]
[SourceVersionDate "2018.11.04"]
[SourceQuality "1"]

1. e4 d5 2. Nf3 d4 3. Bc4 e6 4. 0-0 Be7 5. e5 c5 6. d3 Nc6 7. Bf4 Bd7 8. Nbd2 h5 9. Ne4 Nh6 10. Qd2 Nf5 11. Rae1 Qa5 12. Qc1 0-0-0 13. a3 f6 14. b4 cxb4 15. axb4 Bxb4 16. c3 dxc3 17. exf6 Rhf8 18. Re2 gxf6 19. Ra2 Qb6 20. Nxc3 Bxc3 21. Qxc3 e5 22. Bd2 Ncd4 23. Nxd4 exd4 24. Qc2 Qc6 25. Rxa7 Kb8 26. Qa2 Bc8 27. Rc1 b6 28. Bf4+ Nd6 29. Bd5 1-0

[Event "Montigny le Bretonneux Noel op 18th"]
[Site "Montigny le Bretonneux"]
[Date "2017.12.28"]
[Round "3"]
[White "Delmas Goyon, Francois"]
[Black "Plantet, Marc"]
[Result "1-0"]
[WhiteElo "1902"]
[BlackElo "1774"]
[PlyCount "63"]
[EventDate "2017.12.26"]
[EventType "swiss"]
[EventRounds "7"]
[EventCountry "FRA"]
[SourceTitle "CBM 182 Extra"]
[Source "ChessBase"]
[SourceDate "2018.02.23"]
[SourceVersion "1"]
[SourceVersionDate "2018.02.23"]
[SourceQuality "1"]

1. e4 e5 2. Nf3 Nf6 3. d4 Nxe4 4. Bd3 d5 5. dxe5 Bd7 6. 0-0 Bc5 7. Bxe4 dxe4 8. Ng5 e3 9. Nxf7 Kxf7 10. Qd5+ Be6 11. Qxc5 e2 12. Re1 Nc6 13. Na3 Qd1 14. Bg5 Rad8 15. Bxd8 Rxd8 16. Qc3 Nd4 17. Raxd1 exd1Q 18. Rxd1 Ne2+ 19. Kf1 Nxc3 20. Rxd8 Nxa2 21. c3 Nc1 22. Ke1 Ke7 23. Rd1 Nb3 24. Nb5 c6 25. Nd4 Nxd4 26. Rxd4 b5 27. f4 c5 28. Rd6 a5 29. Ra6 a4 30. Ra7+ Kf8 31. Rb7 Bc4 32. Rc7 1-0

[Event "Montigny le Bretonneux Noel op 17th"]
[Site "Montigny le Bretonneux"]
[Date "2016.12.29"]
[Round "6"]
[White "Ribiere, Damien"]
[Black "Plantet, Marc"]
[Result "1-0"]
[WhiteElo "1957"]
[BlackElo "1745"]
[PlyCount "41"]
[EventDate "2016.12.26"]
[EventType "swiss"]
[EventRounds "7"]
[EventCountry "FRA"]
[SourceTitle "CBM 176 Extra"]
[Source "ChessBase"]
[SourceDate "2017.03.02"]
[SourceVersion "1"]
[SourceVersionDate "2017.03.02"]
[SourceQuality "1"]

1. e4 c6 2. d4 d5 3. e5 c5 4. c3 Nc6 5. Bb5 Bd7 6. Bxc6 Bxc6 7. Ne2 e6 8. 0-0 Ne7 9. Ng3 Ng6 10. f4 Bb5 11. Rf2 cxd4 12. cxd4 Rc8 13. Nc3 Bd7 14. Be3 Bb4 15. f5 Bxc3 16. fxg6 hxg6 17. bxc3 Qh4 18. Nf1 Rxc3 19. Qd2 Ra3 20. Bg5 Qe4 21. Qb4 1-0

[Event "Montigny le Bretonneux-B 15th"]
[Site "Montigny le Bretonneux"]
[Date "2016.10.28"]
[Round "7.5"]
[White "Plantet, Marc"]
[Black "Couronne, Patrice"]
[Result "0-1"]
[WhiteElo "1730"]
[BlackElo "1666"]
[PlyCount "116"]
[EventDate "2016.10.22"]
[EventType "tourn"]
[EventRounds "9"]
[EventCountry "FRA"]
[SourceTitle "EXT 2024"]
[Source "ChessBase"]
[SourceDate "2023.10.10"]
[SourceVersion "1"]
[SourceVersionDate "2023.10.10"]
[SourceQuality "1"]

1. e4 c5 2. Nf3 Nc6 3. d4 cxd4 4. Nxd4 Nf6 5. Nc3 d6 6. Bg5 e6 7. Bc4 Be7 8. 0-0 0-0 9. Kh1 Qa5 10. f4 e5 11. Nb3 Qd8 12. f5 Ne8 13. Bxe7 Qxe7 14. Nd5 Qd8 15. f6 gxf6 16. Qh5 Be6 17. Rf3 Kh8 18. Raf1 Rg8 19. Qh6 Rg6 20. Qf8+ Rg8 21. Qh6 Rg6 22. Qh4 Rg4 23. Qh5 Rg5 24. Qh4 Rg4 25. Qe1 Rg6 26. c3 Ne7 27. Qh4 Nxd5 28. exd5 Bg4 29. Rg3 f5 30. Qxd8 Rxd8 31. Re3 Nc7 32. Na5 f4 33. Nxb7 Rb8 34. Nxd6 Rxd6 35. Rxe5 Rxb2 36. h3 Bc8 37. Rxf4 Kg7 38. Bb3 Rf6 39. Rc4 Bxh3 40. Rg5+ Kh6 41. Rg3 Bxg2+ 42. Rxg2 Rxg2 43. Kxg2 Nxd5 44. Rc8 Rd6 45. Kf3 Rd7 46. Ke4 Ne7 47. Rf8 f5+ 48. Ke3 Nd5+ 49. Bxd5 Rxd5 50. c4 Ra5 51. Kd4 Kg7 52. Ra8 Rxa2 53. c5 f4 54. c6 Rc2 55. Rxa7+ Kg6 56. Kd5 f3 57. c7 f2 58. Ra6+ Kg5 0-1

[Event "Montigny le Bretonneux-B 15th"]
[Site "Montigny le Bretonneux"]
[Date "2016.10.26"]
[Round "5.3"]
[White "Plantet, Marc"]
[Black "Billot, Daniel"]
[Result "1-0"]
[WhiteElo "1730"]
[BlackElo "1766"]
[PlyCount "133"]
[EventDate "2016.10.22"]
[EventType "tourn"]
[EventRounds "9"]
[EventCountry "FRA"]
[SourceTitle "EXT 2024"]
[Source "ChessBase"]
[SourceDate "2023.10.10"]
[SourceVersion "1"]
[SourceVersionDate "2023.10.10"]
[SourceQuality "1"]

1. e4 d5 2. Nf3 dxe4 3. Ng5 Bf5 4. Bc4 e6 5. d3 Nf6 6. Nc3 Bb4 7. Bd2 exd3 8. Qf3 c6 9. Nxf7 Kxf7 10. Qxf5 Re8 11. Qxd3 Qxd3 12. Bxd3 Nbd7 13. 0-0 Nc5 14. Bc4 Rad8 15. Rad1 Rd4 16. Bb3 Nxb3 17. axb3 Red8 18. Be3 Bxc3 19. Bxd4 Bxd4 20. c3 Bb6 21. Rxd8 Bxd8 22. Rd1 Bb6 23. Kf1 Ke7 24. f3 Nd5 25. Rd2 Be3 26. Re2 Bb6 27. Rd2 Ne3+ 28. Ke1 Bc7 29. Kf2 Bb6 30. Ke1 g5 31. h3 Bc7 32. Kf2 Bf4 33. Re2 Nf5 34. Re4 Bc1 35. Re2 Bf4 36. Re4 Bg3+ 37. Ke2 Bc7 38. Kd3 Nh4 39. Re2 Ng6 40. Ke4 Nf4 41. Rd2 c5 42. g3 Nd5 43. Rg2 Nf6+ 44. Kd3 b5 45. f4 gxf4 46. gxf4 Kf7 47. Rg5 Nd5 48. f5 Nf4+ 49. Ke4 e5 50. Rg1 Nxh3 51. Ra1 Ng5+ 52. Kd5 Bb6 53. Kxe5 Nf3+ 54. Kf4 Nd2 55. Rd1 Nxb3 56. Rd7+ Kg8 57. f6 c4 58. Rg7+ Kh8 59. Rg2 h6 60. f7 Bc5 61. Kf5 Nc1 62. Kf6 Nd3 63. Rg8+ Kh7 64. Rc8 Bd6 65. Ke6 Bc5 66. Rxc5 Nxc5+ 67. Ke7 1-0

[Event "Montigny le Bretonneux-B 15th"]
[Site "Montigny le Bretonneux"]
[Date "2016.10.25"]
[Round "4.4"]
[White "Rousseau, Philippe"]
[Black "Plantet, Marc"]
[Result "1-0"]
[WhiteElo "1746"]
[BlackElo "1730"]
[PlyCount "63"]
[EventDate "2016.10.22"]
[EventType "tourn"]
[EventRounds "9"]
[EventCountry "FRA"]
[SourceTitle "EXT 2024"]
[Source "ChessBase"]
[SourceDate "2023.10.10"]
[SourceVersion "1"]
[SourceVersionDate "2023.10.10"]
[SourceQuality "1"]

1. e4 c6 2. d4 d5 3. e5 c5 4. Nf3 cxd4 5. Nxd4 e6 6. Be3 Bd7 7. c3 Ne7 8. Bd3 Nbc6 9. f4 Ng6 10. Qe2 Be7 11. Nd2 a6 12. g3 Rc8 13. N2b3 0-0 14. 0-0 b5 15. Nxc6 Bxc6 16. Nd4 Bb7 17. Rac1 Qd7 18. a4 bxa4 19. Bxa6 Bxa6 20. Qxa6 a3 21. b4 Ra8 22. Qd3 Rfb8 23. Ra1 f6 24. Nf3 Bd8 25. Bd4 Bb6 26. exf6 gxf6 27. Bxb6 Rxb6 28. Qd4 Qa7 29. Kg2 Kf7 30. f5 Ne7 31. fxe6+ Rxe6 32. Ng5+ 1-0

[Event "Montigny le Bretonneux Noel op 16th"]
[Site "Montigny le Bretonneux"]
[Date "2015.12.30"]
[Round "7"]
[White "Verat Fayolle, Celian"]
[Black "Plantet, Marc"]
[Result "0-1"]
[WhiteElo "1678"]
[BlackElo "1883"]
[PlyCount "72"]
[EventDate "2015.12.27"]
[EventType "swiss"]
[EventRounds "7"]
[EventCountry "FRA"]
[SourceTitle "CBM 170 Extra"]
[Source "ChessBase"]
[SourceDate "2016.02.25"]
[SourceVersion "1"]
[SourceVersionDate "2016.02.25"]
[SourceQuality "1"]

1. e4 Nf6 2. Nc3 d6 3. d4 g6 4. Nf3 Bg7 5. Bc4 0-0 6. 0-0 c6 7. Bg5 b5 8. Bd3 Bg4 9. h3 Bxf3 10. Qxf3 b4 11. Ne2 Nbd7 12. Qe3 Re8 13. f4 Qb6 14. e5 Nd5 15. Qf3 dxe5 16. fxe5 Nxe5 17. Qf2 Nxd3 18. Qxf7+ Kh8 19. cxd3 Rad8 20. Qf2 h6 21. Qh4 h5 22. g4 Bxd4+ 23. Kh1 Nf6 24. Bxf6+ exf6 25. Rxf6 Kg7 26. Rf4 Rxe2 27. gxh5 c5 28. hxg6 Qc6+ 29. Re4 Rh8 30. Qg4 Rxe4 31. dxe4 Qxg6 32. Qd7+ Kh6 33. Qd5 Rg8 34. e5 Qf5 35. Qd6+ Rg6 36. e6 Qf3+ 0-1

[Event "Montigny le Bretonneux Noel op 16th"]
[Site "Montigny le Bretonneux"]
[Date "2015.12.27"]
[Round "2"]
[White "Plantet, Marc"]
[Black "Artieres, Michel"]
[Result "1-0"]
[WhiteElo "1883"]
[BlackElo "1701"]
[PlyCount "47"]
[EventDate "2015.12.27"]
[EventType "swiss"]
[EventRounds "7"]
[EventCountry "FRA"]
[SourceTitle "CBM 170 Extra"]
[Source "ChessBase"]
[SourceDate "2016.02.25"]
[SourceVersion "1"]
[SourceVersionDate "2016.02.25"]
[SourceQuality "1"]

1. e4 Nf6 2. e5 Nd5 3. d4 d6 4. Nf3 Bg4 5. Be2 Nc6 6. exd6 Qxd6 7. 0-0 Nf4 8. Bc4 e6 9. c3 a6 10. Nbd2 Ng6 11. h3 Bxf3 12. Qxf3 Qf4 13. Qe2 Bd6 14. Nf3 Qf5 15. d5 Nce5 16. Nd4 Nf4 17. Bxf4 Qxf4 18. g3 Qg5 19. dxe6 0-0 20. exf7+ Nxf7 21. Ne6 Qf5 22. Nxf8 Kxf8 23. Qe6 Nh6 24. Rad1 1-0

[Event "Small Paris-ch"]
[Site "Paris"]
[Date "2015.07.11"]
[Round "6"]
[White "Roque, Gaetan"]
[Black "Plantet, Marc"]
[Result "0-1"]
[WhiteElo "2087"]
[BlackElo "1830"]
[PlyCount "50"]
[EventDate "2015.07.06"]
[EventType "swiss"]
[EventRounds "7"]
[EventCountry "FRA"]
[SourceTitle "EXT 2016"]
[Source "ChessBase"]
[SourceDate "2015.10.08"]
[SourceVersion "1"]
[SourceVersionDate "2015.10.08"]
[SourceQuality "1"]

1. d4 d5 2. c4 Nc6 3. Nf3 Bg4 4. e3 e5 5. dxe5 dxc4 6. Qxd8+ Rxd8 7. Bxc4 Nxe5 8. Be2 Nd3+ 9. Bxd3 Rxd3 10. Bd2 Bxf3 11. gxf3 Nf6 12. Bc3 Be7 13. Bd4 0-0 14. Ke2 Rxd4 15. exd4 Re8 16. Nc3 Nh5 17. Rhd1 Bd6+ 18. Kf1 Bxh2 19. Re1 Kf8 20. Ne4 Nf4 21. Nc5 Rd8 22. Nxb7 Rd5 23. Nc5 g6 24. Rad1 Rg5 25. Nd7+ Kg7 0-1

[Event "Montigny le Bretonneux op 13th"]
[Site "Montigny le Bretonneux"]
[Date "2014.10.23"]
[Round "6"]
[White "Fruchard, Cyrille"]
[Black "Plantet, Marc"]
[Result "1-0"]
[WhiteElo "2011"]
[BlackElo "1858"]
[PlyCount "83"]
[EventDate "2014.10.18"]
[EventType "swiss"]
[EventRounds "9"]
[EventCountry "FRA"]
[SourceTitle "EXT 2016"]
[Source "ChessBase"]
[SourceDate "2015.10.08"]
[SourceVersion "1"]
[SourceVersionDate "2015.10.08"]
[SourceQuality "1"]

1. d4 d5 2. c4 Nc6 3. Nc3 dxc4 4. e3 e5 5. Nf3 exd4 6. exd4 Nf6 7. Bxc4 Bd6 8. 0-0 0-0 9. Bg5 h6 10. Bh4 Bg4 11. h3 Bxf3 12. Qxf3 Nxd4 13. Qxb7 Nf5 14. Bxf6 Qxf6 15. Qf3 Qe5 16. g3 Nd4 17. Qd3 Rab8 18. Rfe1 Qf6 19. Nd5 Nf3+ 20. Kh1 Qd4 21. Qxf3 Qxc4 22. b3 Qb5 23. Rac1 Rfe8 24. Rxe8+ Rxe8 25. Nxc7 Bxc7 26. Rxc7 f6 27. Kh2 Qa5 28. Qb7 Qg5 29. Rc8 Rxc8 30. Qxc8+ Kh7 31. Qc2+ Kg8 32. b4 Qb5 33. Qb3+ Kh8 34. a4 Qe2 35. Qe3 Qc4 36. Qxa7 Qxb4 37. Qa8+ Kh7 38. a5 f5 39. a6 f4 40. g4 Qe1 41. Kg2 f3+ 42. Qxf3 1-0

[Event "Montigny le Bretonneux op 13th"]
[Site "Montigny le Bretonneux"]
[Date "2014.10.22"]
[Round "5"]
[White "Plantet, Marc"]
[Black "Forissier, Nicolas"]
[Result "1-0"]
[WhiteElo "1858"]
[BlackElo "1929"]
[PlyCount "99"]
[EventDate "2014.10.18"]
[EventType "swiss"]
[EventRounds "9"]
[EventCountry "FRA"]
[SourceTitle "EXT 2016"]
[Source "ChessBase"]
[SourceDate "2015.10.08"]
[SourceVersion "1"]
[SourceVersionDate "2015.10.08"]
[SourceQuality "1"]

1. e4 e5 2. Nf3 Nc6 3. Bb5 a6 4. Ba4 Nf6 5. 0-0 b5 6. Bb3 Be7 7. d4 exd4 8. e5 Ne4 9. Nxd4 Bb7 10. Bxf7+ Kxf7 11. Qf3+ Nf6 12. exf6 Nxd4 13. Qxb7 Bxf6 14. Qd5+ Ne6 15. Rd1 Ke8 16. Nd2 c6 17. Qh5+ g6 18. Qe2 Kf7 19. Ne4 d5 20. c3 Re8 21. Be3 Qe7 22. Nxf6 Qxf6 23. Qc2 Re7 24. a4 Rae8 25. axb5 axb5 26. g3 Qf3 27. Rd3 Nc5 28. Qd1 Qxd1+ 29. Rdxd1 Na4 30. Rd2 Re4 31. Rc1 Rb8 32. b3 Nb6 33. Ra1 Nd7 34. Ra7 Ke6 35. Bf4 Rc8 36. f3 Rxf4 37. gxf4 Nc5 38. b4 Na4 39. Re2+ Kd6 40. Re3 h5 41. Rg7 Rf8 42. Rxg6+ Kc7 43. Re7+ Kb6 44. Rgg7 Rb8 45. Re3 Rd8 46. f5 Rf8 47. Rg5 h4 48. Kg2 Nb2 49. Re7 Nd1 50. Rgg7 1-0